| 000 | 01523nam a2200385 i 4500 | ||
|---|---|---|---|
| 001 | xx004082767 | ||
| 003 | NUKAT | ||
| 005 | 20260420202006.0 | ||
| 008 | 170803s1885 gw |001 0dger c | ||
| 035 | _a(OCoLC)1003027771 | ||
| 035 | _a(NUKAT)xx004082767 | ||
| 040 |
_aGD U/EB _cGD U/EBs |
||
| 100 | 1 |
_aJanssen, Johannes _d(1829-1891). _940327 |
|
| 245 | 1 | 0 |
_aAllgemeine Zustände des deutschen Volkes : _bseit dem sogenannten Ausburger Religionsfrieden vom Jahre 1555 bis zur Verkündigung der Concordienformel im Jahre 1580 / _cvon Johannes Janssen. |
| 250 | _a1. bis 12. Aufl. | ||
| 260 |
_aFreiburg im Breisgau : _bHerder'sche Verlagshandlung, _c1885. |
||
| 300 |
_aXXXI, [1], 515, [1] s. ; _c23 cm. |
||
| 336 |
_aTekst _btxt _2rdacontent |
||
| 337 |
_aBez urządzenia pośredniczącego _bn _2rdamedia |
||
| 338 |
_aWolumin _bnc _2rdacarrier |
||
| 380 | _aKsiążki | ||
| 490 | 1 |
_aGeschichte des deutschen Volkes seit dem Ausgang des Mittelalters / von Johannes Janssen ; _vBd. 4 |
|
| 504 | _aIndeks. | ||
| 648 | 7 |
_a1501-1600 _2DBN _936032 |
|
| 650 | 7 |
_aKontrreformacja _2DBN _940329 |
|
| 650 | 7 |
_aReformacja _2DBN _935694 |
|
| 651 | 7 |
_aEuropa _2DBN _935699 |
|
| 651 | 7 |
_aNiemcy _2DBN _935243 |
|
| 651 | 7 |
_aNiemcy _xhistoria. _2kaba _95835 |
|
| 658 | _aHistoria | ||
| 658 | _aReligia i duchowość | ||
| 710 | 2 |
_aHerdersche Verlagsbuchhandlung. _4pbl _936009 |
|
| 800 | 1 |
_aJanssen, Johannes _d(1829-1891). _tGeschichte des deutschen Volkes seit dem Ausgang des Mittelalters _vBd. 4 _940328 |
|
| 942 |
_2ddc _cBK_NM |
||
| 999 |
_c27704 _d27704 |
||